Developing a comprehensive security program : elements, characteristics, and leadership /

Developing a Comprehensive Security Program answers the question common among security managers, ""What is a model security program, and how does our program compare to it?"" In this seven-minute Proven Practices presentation, narrator Elizabeth Lancaster outlines the baseline el...

Full description

Bibliographic Details
Main Authors: Hayes, Bob (Author), Kotwica, Kathleen (Author), Lancaster, Elizabeth (Author)
Corporate Author: ScienceDirect (Online service)
Format: eBook
Language:English
Published: Oxford, England ; Waltham, Massachusetts : Elsevier, 2014.
Series:Security Executive Council risk management portfolio.
Subjects:
Online Access:Connect to the full text of this electronic book

MARC

Tag First Indicator Second Indicator Subfields
LEADER 00000cam a2200000 i 4500
001 in00005756034
005 20260326210320.5
006 m o d
007 cr cn|||||||||
008 140829t20142014enka o 000 0 eng d
040 |a E7B  |b eng  |e rda  |e pn  |c E7B  |d OCLCO  |d EBLCP  |d OPELS  |d OCLCF  |d IDEBK  |d YDXCP  |d DEBSZ  |d OCLCO  |d OCLCQ  |d OCLCO  |d OCL  |d OCLCO  |d OCLCQ  |d MERUC  |d OCLCQ  |d U3W  |d D6H  |d OTZ  |d OCLCQ  |d WYU  |d UBY  |d AU@  |d OCLCQ  |d S2H  |d OCLCO  |d OCLCQ  |d OCLCO  |d OCLCL  |d SXB  |d OCLCQ 
019 |a 870949265 
020 |a 9780128009307  |q (e-book) 
020 |a 0128009306  |q (e-book) 
020 |z 9780128012222 
035 |a (OCoLC)891381369  |z (OCoLC)870949265 
043 |a n-us-ny 
050 4 |a HV8290  |b .H39 2014eb 
082 0 4 |a 363.289068  |2 23 
049 |a TXAM 
100 1 |a Hayes, Bob,  |e author. 
245 1 0 |a Developing a comprehensive security program :  |b elements, characteristics, and leadership /  |c Bob Hayes, Kathleen Kotwica and Elizabeth Lancaster. 
264 1 |a Oxford, England ;  |a Waltham, Massachusetts :  |b Elsevier,  |c 2014. 
264 4 |c ©2014 
300 |a 1 online resource (13 pages) :  |b illustrations (some color) 
336 |a text  |b txt  |2 rdacontent 
337 |a computer  |b c  |2 rdamedia 
338 |a online resource  |b cr  |2 rdacarrier 
490 1 |a Security Executive Council Risk Management Portfolio 
588 0 |a Online resource; title from PDF title page (ebrary, viewed August 23, 2014). 
505 0 |a Cover Image; Title Page; Copyright; Table of Contents; Executive Summary; What are Proven Practices?; Developing a Comprehensive Security Program: Elements, Characteristics, and Leadership; A Proven Practices Presentation; About the Authors. 
520 |a Developing a Comprehensive Security Program answers the question common among security managers, ""What is a model security program, and how does our program compare to it?"" In this seven-minute Proven Practices presentation, narrator Elizabeth Lancaster outlines the baseline elements of a security program, which have been defined by experienced Security Executive Council members and research. This presentation is not sector-specific--meaning it's applicable for all organizations and industries. In addition to the baseline security program elements, Lancaster also discusses b 
650 0 |a Private security services  |x Management. 
650 0 |a Crime prevention  |z New York (State)  |z New York. 
650 6 |a Services privés de sécurité  |x Gestion. 
650 7 |a Crime prevention  |2 fast 
650 7 |a Private security services  |x Management  |2 fast 
651 7 |a New York (State)  |z New York  |2 fast  |1 https://id.oclc.org/worldcat/entity/E39QbtfRvQh7864Jh4rDGBFDWc 
655 7 |a Electronic books.  |2 local 
700 1 |a Kotwica, Kathleen,  |e author. 
700 1 |a Lancaster, Elizabeth,  |e author. 
710 2 |a ScienceDirect (Online service) 
758 |i has work:  |a Developing a comprehensive security program (Text)  |1 https://id.oclc.org/worldcat/entity/E39PCXFGfYgh9q9McxykFK77Md  |4 https://id.oclc.org/worldcat/ontology/hasWork 
776 0 8 |i Print version:  |a Hayes, Bob.  |t Developing a comprehensive security program : elements, characteristics, and leadership.  |d Oxford, England ; Waltham, Massachusetts : Elsevier, ©2014  |h approximately 13 pages  |k Security Executive Council risk management portfolio.  |z 9780128012222 
830 0 |a Security Executive Council risk management portfolio. 
856 4 0 |u http://proxy.library.tamu.edu/login?url=https://www.sciencedirect.com/science/book/9780128009307  |z Connect to the full text of this electronic book  |t 0 
936 |a BATCHLOAD 
955 |a Elsevier ScienceDirect 2026-2027 
994 |a 92  |b TXA 
999 f f |i 06194cbc-e25c-43d9-b80e-cfb4fd687b0e  |s e4c9fbef-cef7-4588-aa60-028b65918d58  |t 0 
952 f f |a Texas A&M University  |b College Station  |c Electronic Resources  |s www_evans  |d Available Online  |t 0  |e HV8290 .H39 2014eb  |h Library of Congress classification 
998 f f |a HV8290 .H39 2014eb  |t 0  |l Available Online